| 000 | 00635nam a22002057a 4500 | ||
|---|---|---|---|
| 003 | OSt | ||
| 005 | 20251210044204.0 | ||
| 008 | 251210b |||||||| |||| 00| 0 eng d | ||
| 020 | _a9780749456191 | ||
| 040 |
_aDWCL - Main Lib. _cOC |
||
| 082 |
_22nd ed. _aProf. 616.98 P173h 2010 |
||
| 100 | _aPalmer, Stephen | ||
| 245 |
_aHow to deal with stress / _cStephen Palmer and Cary Cooper |
||
| 260 |
_aLondon: _bKogan Page, _cc2010. |
||
| 300 |
_avii, 193 pages : _billustrations ; _c22 cm. |
||
| 504 | _a1. Includes references | ||
| 504 | _a2. bibliography. | ||
| 650 | _a1. Stress management | ||
| 942 |
_2ddc _cPROF. _e2nd ed. _mProf. _n0 |
||
| 999 |
_c7014 _d7014 |
||